| 000 | 00817nam a22002531u 4500 | ||
|---|---|---|---|
| 001 | 14397 | ||
| 003 | HDC | ||
| 007 | cr cn ---aaaaa | ||
| 008 | 210214p2005 ||||| |||| 00| 0 eng | ||
| 040 | _aHDC | ||
| 110 | _aFarm Animal Welfare Council | ||
| 245 | 0 | _aReport on the Welfare of Farmed Animals at Gatherings | |
| 260 |
_a[No place] : _b[publisher not identified], _c2005 |
||
| 300 | _a84 pages | ||
| 336 |
_atext _2rdacontent |
||
| 337 |
_acomputer _2rdamedia |
||
| 338 |
_aonline resource _2rdacarrier |
||
| 650 |
_aFarmed Animals _96330 |
||
| 650 |
_aWelfare _96332 |
||
| 856 | _zRequest full-text at [email protected] | ||
| 942 | _2lcc | ||
| 942 | _cEIS | ||
| 942 | _kREPT 000290 | ||
| 999 |
_c11713 _d11713 |
||